| 000 | 00728nam a2200265 a 4500 | ||
|---|---|---|---|
| 001 | 70049 | ||
| 003 | BD-RjUL | ||
| 005 | 20211209081946.0 | ||
| 008 | 170415s1968 enka 001 0 eng d | ||
| 020 | _a0582317568 | ||
| 035 | _a(BD-RjUL)70261 | ||
| 040 |
_aDLC _cDLC _dDLC _dBD-RjUL _beng |
||
| 041 | _aeng | ||
| 082 | 0 | 0 |
_223 _a512.89 _bKAB 1968 |
| 100 | 1 |
_aKaye, Douglas. _9207457 |
|
| 245 | 1 | 0 |
_aBoolean systems / _bDouglas Kaye |
| 260 |
_aLondon : _bLongmans, _c1968. |
||
| 300 |
_avii, 191 p. : _bill. ; _c22 cm. |
||
| 490 | 0 | _aMathematical topics | |
| 500 | _aIncludes index | ||
| 650 | 0 |
_aSwitching theory. _9151844 |
|
| 650 | 0 |
_aAlgebra, Boolean _9207458 |
|
| 830 |
_aMathematical topics _9210185 |
||
| 942 |
_2ddc _cBK |
||
| 999 |
_c70049 _d70049 |
||